[Event "FIDE Olympiad Disabilties 2020"]
[Site "Online"]
[Date "2020.11.21"]
[Round "1.7"]
[White "Tuka, Oleg"]
[Black "Sargissyan, Sargis"]
[Result "0-1"]
[WhiteElo "2340"]
[BlackElo "2269"]
[Annotator "NA"]
[PlyCount "134"]
[EventDate "2020.11.21"]
[EventType "team-tourn"]
[EventCountry "NET"]
[SourceTitle "playchess.com"]
[Source "ChessBase"]
[SourceQuality "1"]
[WhiteTeam "Ukraine"]
[BlackTeam "Armenia"]
[WhiteTeamCountry "UKR"]
[BlackTeamCountry "ARM"]

1. d4 Nf6 2. c4 g6 3. Nc3 d5 4. Nf3 Bg7 5. Bg5 Ne4 6. cxd5 Nxg5 7. Nxg5 e6 8. Qd2 exd5 9. Qe3+ Kf8 10. Qf4 Bf6 11. h4 Kg7 12. O-O-O h6 13. Nf3 Be6 14. e3 Nd7 15. Bd3 c5 16. dxc5 Nxc5 17. Nd4 Rc8 18. Bc2 h5 19. e4 dxe4 20. Nf5+ Bxf5 21. Rxd8 Rhxd8 22. Rd1 Nd3+ 23. Bxd3 Bxc3 24. bxc3 exd3 25. Kd2 Rc5 26. Rb1 Ra5 27. a4 b6 28. Rb5 Rxb5 29. axb5 Re8 30. c4 Re4 31. Qd6 Rxc4 32. f3 Rc2+ 33. Kd1 Rxg2 34. Qe5+ Kh7 35. Qc7 Be6 36. Qc3 Bf5 37. Qc7 Be6 38. Qc3 d2 39. Qd3 Rh2 40. Qc3 Rf2 41. Qe3 Rxf3 42. Qxd2 Rf5 43. Qb4 Bd7 44. Qe7 Bxb5 45. Qxa7 Rf6 46. Qe7 Ba4+ 47. Kd2 Rf5 48. Qb4 b5 49. Ke3 Kg8 50. Qd4 Bb3 51. Qd8+ Kh7 52. Qd4 Bc4 53. Qd6 Rf1 54. Qb6 Rf5 55. Qb7 Kg7 56. Qb6 Be6 57. Qd4+ Kh7 58. Qb6 Rd5 59. Qb8 Rc5 60. Kd2 Rc4 61. Qxb5 Rxh4 62. Ke3 Rg4 63. Qe5 h4 64. Qh2 Ra4 65. Qh1 h3 66. Qh2 Rh4 67. Qc2 h2 0-1

[Event "FIDE Olympiad Disabilties 2020"]
[Site "Online"]
[Date "2020.11.21"]
[Round "1.7"]
[White "Grigorchuk, Sergey"]
[Black "Melkonyan, Saro"]
[Result "1-0"]
[WhiteElo "2213"]
[BlackElo "1506"]
[Annotator "NA"]
[PlyCount "124"]
[EventDate "2020.11.21"]
[EventType "team-tourn"]
[EventCountry "NET"]
[SourceTitle "playchess.com"]
[Source "ChessBase"]
[SourceQuality "1"]
[WhiteTeam "Ukraine"]
[BlackTeam "Armenia"]
[WhiteTeamCountry "UKR"]
[BlackTeamCountry "ARM"]

1. d4 d5 2. c4 e6 3. Nc3 Nf6 4. cxd5 exd5 5. Bg5 Be7 6. e3 O-O 7. Bd3 h6 8. Bh4 c6 9. Qc2 Nbd7 10. Nf3 Re8 11. O-O Ne4 12. Bxe4 Bxh4 13. Bh7+ Kh8 14. Bd3 Be7 15. Rae1 Nf6 16. Ne5 Kg8 17. f4 Bd6 18. h3 a6 19. a3 Qc7 20. Rf3 c5 21. Qf2 Qb6 22. dxc5 Qxc5 23. Qg3 d4 24. exd4 Qxd4+ 25. Kh1 Nh5 26. Qh4 Rxe5 27. Qd8+ Bf8 28. Qxd4 Rxe1+ 29. Kh2 Nf6 30. Re3 Rxe3 31. Qxe3 Bd7 32. Ne4 Nd5 33. Qd4 Bc6 34. Nc3 Rd8 35. Bc4 Nxc3 36. Qxd8 Ne4 37. Bd5 Bxd5 38. Qxd5 Nd6 39. g4 g6 40. Kg3 Kg7 41. h4 Kh7 42. Kf3 Kg7 43. h5 gxh5 44. Qxh5 f6 45. Qd5 Be7 46. Qe6 Kf8 47. Ke2 b5 48. b3 a5 49. Kd3 a4 50. bxa4 bxa4 51. Qd5 Ne8 52. Qa2 Nd6 53. Qc2 Nb7 54. Qc8+ Nd8 55. Qd7 Kf7 56. Qxa4 Kg6 57. Qe4+ Kf7 58. a4 Ke8 59. a5 Kd7 60. a6 Nc6 61. a7 Nxa7 62. Qb7+ Ke6 1-0

[Event "FIDE Olympiad Disabilties 2020"]
[Site "Online"]
[Date "2020.11.21"]
[Round "1.8"]
[White "Kishan, Gangolli"]
[Black "Gelman, Gennadiy"]
[Result "1-0"]
[WhiteElo "2128"]
[BlackElo "1919"]
[Annotator "NA"]
[PlyCount "69"]
[EventDate "2020.11.21"]
[EventType "team-tourn"]
[EventCountry "NET"]
[SourceTitle "playchess.com"]
[Source "ChessBase"]
[SourceQuality "1"]
[WhiteTeam "India"]
[BlackTeam "Azerbaijan"]
[WhiteTeamCountry "IND"]
[BlackTeamCountry "AZE"]

1. d4 d5 2. c4 e6 3. Nc3 Nf6 4. cxd5 exd5 5. Bg5 Be7 6. e3 c6 7. Bd3 h6 8. Bh4 O-O 9. Qc2 Be6 10. Nge2 Ne4 11. Bxe7 Qxe7 12. Nxe4 dxe4 13. Bxe4 Nd7 14. O-O f5 15. Bd3 c5 16. Nf4 cxd4 17. Nxe6 Qxe6 18. Bc4 Qxc4 19. Qxc4+ Kh7 20. Qxd4 Nf6 21. Rfd1 Rae8 22. Qxa7 Ne4 23. Rd7 Rf6 24. Rxb7 Rg6 25. Rb8 Ree6 26. Qa8 Rg5 27. h4 Rh5 28. Rh8+ Kg6 29. Qg8 Re7 30. Qh7+ Kf7 31. Rg8 Kf6 32. Rf8+ Ke6 33. Qg6+ Nf6 34. Rxf6+ gxf6 35. Qxh5 1-0

[Event "FIDE Olympiad Disabilties 2020"]
[Site "Online"]
[Date "2020.11.21"]
[Round "1.8"]
[White "Shahpalangov, Aydin"]
[Black "Shashikant, Kutwal"]
[Result "0-1"]
[WhiteElo "1945"]
[BlackElo "2182"]
[Annotator "NA"]
[PlyCount "86"]
[EventDate "2020.11.21"]
[EventType "team-tourn"]
[EventCountry "NET"]
[SourceTitle "playchess.com"]
[Source "ChessBase"]
[SourceQuality "1"]
[WhiteTeam "Azerbaijan"]
[BlackTeam "India"]
[WhiteTeamCountry "AZE"]
[BlackTeamCountry "IND"]

1. e4 c5 2. Nf3 d6 3. d4 cxd4 4. Qxd4 Nf6 5. Bg5 Nc6 6. Bb5 Qa5+ 7. Nc3 Qxb5 8. Nxb5 Nxd4 9. Nfxd4 Kd8 10. f3 a6 11. Nc3 e6 12. O-O-O Kc7 13. a4 Bd7 14. Rhe1 Be7 15. f4 h6 16. Bh4 g5 17. fxg5 Ng4 18. Nf3 hxg5 19. Bg3 f6 20. Rd4 Ne5 21. Red1 Rad8 22. Nxe5 dxe5 23. R4d3 Bc6 24. Kd2 b5 25. axb5 axb5 26. Ra1 Ra8 27. Rxa8 Rxa8 28. Ke3 Bc5+ 29. Kf3 b4 30. Ne2 g4+ 31. Kxg4 Bxe4 32. Rd1 Bxg2 33. Nd4 Rg8+ 34. Kh4 Bd5 35. Nb3 Be7 36. Kh5 Bf3+ 37. Kh6 Bxd1 38. Nd4 Rxg3 39. Nxe6+ Kd6 40. hxg3 Kxe6 41. c3 Kf7 42. cxb4 Bf8+ 43. Kh7 Bc2+ 0-1

[Event "FIDE Olympiad Disabilties 2020"]
[Site "Online"]
[Date "2020.11.21"]
[Round "1.8"]
[White "Aghalarov, Habibulla"]
[Black "Naveen, Kumar A."]
[Result "1-0"]
[WhiteElo "1923"]
[BlackElo "2035"]
[Annotator "NA"]
[PlyCount "63"]
[EventDate "2020.11.21"]
[EventType "team-tourn"]
[EventCountry "NET"]
[SourceTitle "playchess.com"]
[Source "ChessBase"]
[SourceQuality "1"]
[WhiteTeam "Azerbaijan"]
[BlackTeam "India"]
[WhiteTeamCountry "AZE"]
[BlackTeamCountry "IND"]

1. e4 c6 2. d4 d5 3. exd5 cxd5 4. Bd3 g6 5. h3 Nf6 6. c3 Bg7 7. Bf4 Nc6 8. Nf3 a6 9. a4 O-O 10. O-O Bf5 11. Qc2 e6 12. Nbd2 Rc8 13. Bxf5 gxf5 14. Qd3 Ne4 15. Ne5 Na5 16. Rae1 Re8 17. Nxe4 dxe4 18. Qg3 f6 19. Bh6 Rc7 20. b4 fxe5 21. bxa5 exd4 22. cxd4 Kh8 23. Bxg7+ Rxg7 24. Qe5 Qg5 25. g3 Qe7 26. Rb1 Kg8 27. Rb6 Rg6 28. Rfb1 Qg7 29. Rxb7 Qxe5 30. dxe5 Rd8 31. Ra7 Rd5 32. Rb8+ 1-0

[Event "FIDE Olympiad Disabilties 2020"]
[Site "Online"]
[Date "2020.11.21"]
[Round "1.9"]
[White "Meshkov, Yuri A."]
[Black "Aigner, Michael"]
[Result "1-0"]
[WhiteElo "2351"]
[BlackElo "2006"]
[Annotator "NA"]
[PlyCount "145"]
[EventDate "2020.11.21"]
[EventType "team-tourn"]
[EventCountry "NET"]
[SourceTitle "playchess.com"]
[Source "ChessBase"]
[SourceQuality "1"]
[WhiteTeam "Russia"]
[BlackTeam "United States"]
[WhiteTeamCountry "RUS"]
[BlackTeamCountry "USA"]

1. d4 f5 2. g3 Nf6 3. Bg2 g6 4. c3 Bg7 5. Nh3 c6 6. O-O d6 7. Qb3 Qb6 8. Nd2 Qxb3 9. axb3 Na6 10. b4 Nc7 11. Nf4 O-O 12. e4 a6 13. exf5 Bxf5 14. Re1 Rae8 15. Nc4 d5 16. Na5 Bc8 17. Nd3 Nd7 18. Bf4 Nb5 19. Nb3 Nd6 20. Re2 Bf6 21. Nbc5 Nxc5 22. Nxc5 Nf7 23. Ne6 Bxe6 24. Rxe6 g5 25. Bc7 Nd6 26. Rae1 Kf7 27. Bh3 h5 28. f3 Rg8 29. Bf1 Rh8 30. Bd3 Rc8 31. Bxd6 exd6 32. Rxd6 Rc7 33. Bf5 Rd8 34. Rde6 Re7 35. Bg6+ Kxg6 36. Rxe7 Bxe7 37. Rxe7 Rb8 38. Kf2 Kf6 39. Rh7 Kg6 40. Rc7 Kf6 41. Ke3 Re8+ 42. Kd2 Rb8 43. Kd3 Kg6 44. b3 h4 45. c4 hxg3 46. hxg3 Rf8 47. Ke3 Re8+ 48. Kf2 dxc4 49. bxc4 Rd8 50. Ke3 Re8+ 51. Kd3 Rf8 52. f4 gxf4 53. gxf4 Rxf4 54. Rxb7 Rf3+ 55. Ke4 Rc3 56. c5 Rb3 57. Rb6 Kf7 58. Rxc6 Rxb4 59. Rxa6 Ke7 60. Ke5 Kd7 61. d5 Rb1 62. Ra7+ Kc8 63. Kd6 Rh1 64. Kc6 Kb8 65. Rb7+ Ka8 66. Rb4 Rh8 67. d6 Rc8+ 68. Kd5 Rh8 69. c6 Rh5+ 70. Ke6 Rh6+ 71. Kd7 Rh7+ 72. Kc8 Ka7 73. d7 1-0

[Event "FIDE Olympiad Disabilties 2020"]
[Site "Online"]
[Date "2020.11.21"]
[Round "1.9"]
[White "Thilaganathan, Jessica"]
[Black "Ermakov, Maksim"]
[Result "0-1"]
[WhiteElo "1892"]
[BlackElo "1611"]
[Annotator "NA"]
[PlyCount "124"]
[EventDate "2020.11.21"]
[EventType "team-tourn"]
[EventCountry "NET"]
[SourceTitle "playchess.com"]
[Source "ChessBase"]
[SourceQuality "1"]
[WhiteTeam "England"]
[BlackTeam "Russia"]
[WhiteTeamCountry "ENG"]
[BlackTeamCountry "RUS"]

1. e4 c5 2. Nc3 a6 3. f4 b5 4. a3 Bb7 5. d3 e6 6. Nf3 Nf6 7. Be2 d5 8. e5 Nfd7 9. O-O Nc6 10. Qe1 Be7 11. Qg3 g6 12. h4 Qb6 13. Kh1 O-O-O 14. Qf2 h6 15. d4 cxd4 16. Na2 Rdg8 17. Bd3 g5 18. Re1 g4 19. Ng1 g3 20. Qf3 Qd8 21. h5 Bf8 22. Bf1 Qh4+ 23. Nh3 f6 24. exf6 Qxf6 25. Bd2 Bd6 26. Nc1 Nc5 27. Bd3 Ne7 28. b4 Ne4 29. Nb3 Nf5 30. Rf1 Nxd2 31. Nxd2 Ne3 32. Rfe1 e5 33. fxe5 Bxe5 34. Qxf6 Bxf6 35. Nf3 Re8 36. Nf4 Rhg8 37. Ng6 Kb8 38. Re2 Bc8 39. Rae1 Bg4 40. Kg1 Bxh5 41. Nf4 Bxf3 42. gxf3 Rc8 43. Ne6 h5 44. Nc5 Ka7 45. a4 bxa4 46. Nxa4 h4 47. Bxa6 Kxa6 48. Nc5+ Kb5 49. Ra1 Ra8 50. Rxa8 Rxa8 51. Nb3 Ra2 52. Re1 Rxc2 53. Ra1 Kxb4 54. Rb1 Kc3 55. Nc5 h3 56. Ne6 h2+ 57. Kh1 g2+ 58. Kxh2 d3 59. Re1 Nf1+ 60. Kg1 d2 61. Rd1 Ne3 62. Ra1 Rc1+ 0-1

[Event "FIDE Olympiad Disabilties 2020"]
[Site "Online"]
[Date "2020.11.21"]
[Round "1.9"]
[White "Taranenko, Polina"]
[Black "Shankar, Pranav"]
[Result "0-1"]
[WhiteElo "1445"]
[BlackElo "1499"]
[Annotator "NA"]
[PlyCount "158"]
[EventDate "2020.11.21"]
[EventType "team-tourn"]
[EventCountry "NET"]
[SourceTitle "playchess.com"]
[Source "ChessBase"]
[SourceQuality "1"]
[WhiteTeam "Russia"]
[BlackTeam "United States"]
[WhiteTeamCountry "RUS"]
[BlackTeamCountry "USA"]

1. d4 d5 2. c4 e6 3. Nc3 Be7 4. Bf4 Nf6 5. e3 O-O 6. c5 b6 7. b4 a5 8. a3 Bb7 9. Nf3 Nh5 10. Bg3 Nxg3 11. hxg3 Bf6 12. Bd3 g6 13. Kd2 Nd7 14. Qg1 axb4 15. axb4 Rxa1 16. Qxa1 e5 17. Be2 Re8 18. Ke1 Re6 19. Kf1 Qc8 20. Qc1 bxc5 21. bxc5 c6 22. g4 Ba6 23. g5 Bg7 24. Qa3 Bxe2+ 25. Nxe2 Qb7 26. Nc3 f6 27. gxf6 Bxf6 28. g3 exd4 29. exd4 g5 30. g4 Kg7 31. Qc1 h6 32. Kg2 Qb4 33. Qd2 Nxc5 34. Rb1 Qc4 35. dxc5 Qxg4+ 36. Kf1 Qxf3 37. Rb7+ Kg6 38. Qc2+ Kh5 39. Ne2 Qh1+ 40. Ng1 Qe4 41. Qd1+ Kg6 42. Ne2 Bc3 43. Ng3 Qe1+ 44. Qxe1 Rxe1+ 45. Kg2 Re6 46. Rc7 Bd4 47. Rc8 Bxc5 48. Rg8+ Kf7 49. Rh8 Kg7 50. Rb8 Bd6 51. Rb7+ Kg6 52. Rb6 Bxg3 53. Kxg3 Kf5 54. Rb8 Rd6 55. Rf8+ Ke4 56. f3+ Kd3 57. Re8 Kc4 58. Kf2 d4 59. Re4 c5 60. Ke2 Kc3 61. Re5 c4 62. Kd1 d3 63. Re4 Ra6 64. Ke1 Ra4 65. f4 gxf4 66. Rxf4 Ra1+ 67. Kf2 d2 68. Rf3+ Kc2 69. Kg2 d1=Q 70. Rf2+ Qd2 71. Rxd2+ Kxd2 72. Kh2 c3 73. Kh3 c2 74. Kh2 c1=Q 75. Kh3 Ra3+ 76. Kh2 Qc7+ 77. Kg2 Qg7+ 78. Kh2 Qg3+ 79. Kh1 Ra1# 0-1

[Event "FIDE Olympiad Disabilties 2020"]
[Site "Online"]
[Date "2020.11.21"]
[Round "1.10"]
[White "Trkaljanov, Vladimir"]
[Black "Dal, Ibrahim"]
[Result "1-0"]
[WhiteElo "2096"]
[BlackElo "1626"]
[Annotator "ChessBase"]
[PlyCount "31"]
[EventDate "2020.11.21"]
[EventType "team-tourn"]
[EventCountry "NET"]
[SourceTitle "playchess.com"]
[Source "ChessBase"]
[SourceQuality "1"]
[WhiteTeam "Macedonia"]
[BlackTeam "Turkey"]
[WhiteTeamCountry "MKD"]
[BlackTeamCountry "TUR"]

1. e4 c6 2. d4 d5 3. e5 Bf5 4. Nc3 e6 5. g4 Bg6 6. Nge2 h5 7. Nf4 Bb4 8. Nxg6 fxg6 9. Bd3 Ne7 10. Bg5 Kf8 11. Bxg6 Qc7 12. Qf3+ Nf5 13. gxf5 exf5 14. Qxf5+ Kg8 15. Qe6+ Kf8 16. Qe8# 1-0

[Event "FIDE Olympiad Disabilties 2020"]
[Site "Online"]
[Date "2020.11.21"]
[Round "1.10"]
[White "Aslanhan, Halis"]
[Black "Zafirovski, Tode"]
[Result "0-1"]
[WhiteElo "1810"]
[BlackElo "2138"]
[Annotator "NA"]
[PlyCount "154"]
[EventDate "2020.11.21"]
[EventType "team-tourn"]
[EventCountry "NET"]
[SourceTitle "playchess.com"]
[Source "ChessBase"]
[SourceQuality "1"]
[WhiteTeam "Turkey"]
[BlackTeam "Macedonia"]
[WhiteTeamCountry "TUR"]
[BlackTeamCountry "MKD"]

1. e4 e5 2. Nf3 Nc6 3. d4 exd4 4. Nxd4 Nf6 5. Nxc6 bxc6 6. Bd3 Bc5 7. O-O O-O 8. Bg5 d6 9. Qf3 Bd4 10. c3 Be5 11. Qe2 h6 12. Bh4 g5 13. Bg3 Bg4 14. Qe3 Rb8 15. f4 gxf4 16. Bxf4 Bxf4 17. Qxf4 Kg7 18. Qg3 Kh8 19. Qh4 Kg7 20. Rxf6 Qxf6 21. Qxg4+ Qg5 22. Qxg5+ hxg5 23. b3 d5 24. Na3 Rfe8 25. exd5 cxd5 26. Nb5 Re7 27. Nxa7 Re3 28. Bf1 Rxc3 29. Nb5 Rc2 30. a4 Rb2 31. Nxc7 R8xb3 32. Nxd5 Rb1 33. Rxb1 Rxb1 34. a5 Ra1 35. a6 f5 36. Nc7 Kf6 37. Nb5 Rxa6 38. h3 Ra1 39. Kf2 Ke5 40. Be2 Ra2 41. Nc3 Rc2 42. Nd1 Ra2 43. Ne3 Kf6 44. Nd5+ Ke5 45. Nb4 Rd2 46. Ke3 Rd6 47. Nd3+ Kf6 48. Kf3 Rb6 49. g4 Rb1 50. gxf5 Kxf5 51. Nf2 Rb3+ 52. Bd3+ Kf6 53. Kg4 Rb4+ 54. Ne4+ Kg6 55. Kg3 Rd4 56. Bb1 Rb4 57. Bc2 Rc4 58. Bd3 Rd4 59. Nf2+ Kh6 60. Ng4+ Kg7 61. Nf2 Ra4 62. Be4 Ra2 63. Bf3 Kg6 64. Kg4 Rxf2 65. Be4+ Kf6 66. Bc6 Rf4+ 67. Kg3 Rc4 68. Bf3 Kg6 69. Bd5 Rd4 70. Bc6 Kf5 71. Bb7 Rd3+ 72. Kh2 Kf4 73. Bc6 Rd2+ 74. Bg2 Rb2 75. Kh1 Kg3 76. Bf1 Rb1 77. Kg1 Rc1 0-1

[Event "FIDE Olympiad Disabilties 2020"]
[Site "Online"]
[Date "2020.11.21"]
[Round "1.10"]
[White "Selcuk, Umit"]
[Black "Gjorgjevski, Janco"]
[Result "0-1"]
[WhiteElo "1628"]
[BlackElo "1904"]
[Annotator "NA"]
[PlyCount "62"]
[EventDate "2020.11.21"]
[EventType "team-tourn"]
[EventCountry "NET"]
[SourceTitle "playchess.com"]
[Source "ChessBase"]
[SourceQuality "1"]
[WhiteTeam "Turkey"]
[BlackTeam "Macedonia"]
[WhiteTeamCountry "TUR"]
[BlackTeamCountry "MKD"]

1. e4 c5 2. Nf3 Nc6 3. d4 cxd4 4. c3 d5 5. exd5 Qxd5 6. Nxd4 e5 7. Nxc6 Qxc6 8. Qb3 a6 9. Be3 Be6 10. Qb6 Qd7 11. Be2 Nf6 12. c4 Rc8 13. Nd2 Rc6 14. Qa5 Bd6 15. f3 O-O 16. Rd1 Qe7 17. a3 Rfc8 18. O-O Bc7 19. Qa4 Nd7 20. Ne4 Nb6 21. Qb3 h6 22. Bc5 Rxc5 23. Nxc5 Qxc5+ 24. Kh1 Bxc4 25. Qc3 Bd6 26. Bxc4 Nxc4 27. b4 Qc6 28. Rc1 b5 29. Qd3 Be7 30. Rfd1 Bg5 31. Rc2 Rd8 0-1

[Event "FIDE Olympiad Disabilties 2020"]
[Site "Online"]
[Date "2020.11.21"]
[Round "1.11"]
[White "Nestorovic, Vladimir"]
[Black "Osorio, Jesus Camilo"]
[Result "1/2-1/2"]
[WhiteElo "2203"]
[BlackElo "1859"]
[Annotator "NA"]
[PlyCount "87"]
[EventDate "2020.11.21"]
[EventType "team-tourn"]
[EventCountry "NET"]
[SourceTitle "playchess.com"]
[Source "ChessBase"]
[SourceQuality "1"]
[WhiteTeam "Croatia"]
[BlackTeam "Panama"]
[WhiteTeamCountry "CRO"]
[BlackTeamCountry "PAN"]

1. Nf3 d5 2. d4 Nf6 3. g3 c6 4. Bg2 Bf5 5. O-O e6 6. b3 Bd6 7. Bb2 Nbd7 8. h3 O-O 9. Ne5 Qc7 10. f4 Be4 11. Nd2 Bxg2 12. Kxg2 Be7 13. c4 Nxe5 14. dxe5 Nd7 15. Qc2 f5 16. Rac1 Nc5 17. cxd5 exd5 18. e3 Ne4 19. Nxe4 dxe4 20. Rfd1 Rad8 21. a3 Rxd1 22. Rxd1 Rd8 23. b4 Rxd1 24. Qxd1 Qd8 25. Qxd8+ Bxd8 26. Kf2 Kf7 27. Ke2 Ke6 28. Kd2 Kd5 29. Bd4 b6 30. Bb2 Kc4 31. Kc2 Be7 32. Bc1 g6 33. Bb2 c5 34. Bc3 Kd5 35. Kb3 a6 36. Bd2 c4+ 37. Kc2 b5 38. Bc1 Bd8 39. Kc3 h5 40. h4 Bb6 41. Bd2 Bd8 42. Bc1 Bb6 43. Bd2 Bd8 44. Bc1 1/2-1/2

[Event "FIDE Olympiad Disabilties 2020"]
[Site "Online"]
[Date "2020.11.21"]
[Round "1.11"]
[White "Glazar, Domagoj"]
[Black "Arias Cano, Iliak Omar"]
[Result "1-0"]
[WhiteElo "2137"]
[BlackElo "1882"]
[Annotator "ChessBase"]
[PlyCount "75"]
[EventDate "2020.11.21"]
[EventType "team-tourn"]
[EventCountry "NET"]
[SourceTitle "playchess.com"]
[Source "ChessBase"]
[SourceQuality "1"]
[WhiteTeam "Croatia"]
[WhiteTeamCountry "CRO"]

1. Nf3 Nf6 2. d4 d6 3. c4 Bg4 4. e3 c6 5. Be2 Nbd7 6. O-O e6 7. Nc3 Be7 8. b3 O-O 9. Bb2 Re8 10. Qc2 Nh5 11. h3 Bf5 12. Bd3 Bxd3 13. Qxd3 g6 14. Rad1 d5 15. e4 Nf4 16. Qe3 g5 17. Kh2 Nf6 18. Nxg5 Ng4+ 19. hxg4 Bxg5 20. Qf3 Qd6 21. g3 e5 22. gxf4 Bxf4+ 23. Kg2 Qh6 24. Rh1 Qf6 25. dxe5 Rxe5 26. Ne2 Bg5 27. Qxf6 Bxf6 28. Bxe5 Bxe5 29. f4 Bg7 30. cxd5 cxd5 31. Rxd5 Rc8 32. Rhd1 Rc2 33. R1d2 Rc8 34. Rd8+ Rxd8 35. Rxd8+ Bf8 36. Nd4 Kg7 37. Nf5+ Kg8 38. g5 1-0

[Event "FIDE Olympiad Disabilties 2020"]
[Site "Online"]
[Date "2020.11.21"]
[Round "1.12"]
[White "Pokotaiev, Vladyslav"]
[Black "Altinok, Kerim Osman"]
[Result "1-0"]
[WhiteElo "1839"]
[BlackElo "1565"]
[Annotator "NA"]
[PlyCount "91"]
[EventDate "2020.11.21"]
[EventType "team-tourn"]
[EventCountry "NET"]
[SourceTitle "playchess.com"]
[Source "ChessBase"]
[SourceQuality "1"]
[WhiteTeam "Ukraine"]
[BlackTeam "Turkey"]
[WhiteTeamCountry "UKR"]
[BlackTeamCountry "TUR"]

1. e4 c6 2. d4 d5 3. e5 Bf5 4. c4 e6 5. a3 Ne7 6. Nc3 Nd7 7. c5 b6 8. b4 a5 9. Be3 h6 10. Be2 g5 11. h4 Rg8 12. hxg5 hxg5 13. g4 Be4 14. f3 Bg6 15. Bxg5 bxc5 16. bxc5 Rb8 17. Be3 f6 18. f4 Rb2 19. Na4 Rb7 20. Nh3 Bg7 21. Nf2 Qb8 22. Bd3 Bxd3 23. Nxd3 fxe5 24. fxe5 Ng6 25. Ke2 Rb5 26. Rb1 Kd8 27. Nc3 Rxb1 28. Qxb1 Qxb1 29. Rxb1 Kc7 30. Kd2 Rh8 31. Ne2 Rh2 32. Ndf4 Ndf8 33. Nxg6 Nxg6 34. Rf1 Bh8 35. Rf7+ Kb8 36. Kd3 Rg2 37. g5 Rg4 38. Nc3 Rg2 39. Ne2 Rg4 40. Nf4 Nxf4+ 41. Bxf4 Rh4 42. Ke3 Rh3+ 43. Kf2 Rh1 44. Kg2 Rh4 45. Kg3 Rh5 46. g6 1-0

[Event "FIDE Olympiad Disabilties 2020"]
[Site "Online"]
[Date "2020.11.21"]
[Round "1.12"]
[White "Myronenko, Natalya"]
[Black "Erten, Ozlem"]
[Result "1-0"]
[WhiteElo "1830"]
[BlackElo "1138"]
[Annotator "NA"]
[PlyCount "41"]
[EventDate "2020.11.21"]
[EventType "team-tourn"]
[EventCountry "NET"]
[SourceTitle "playchess.com"]
[Source "ChessBase"]
[SourceQuality "1"]
[WhiteTeam "Ukraine"]
[BlackTeam "Turkey"]
[WhiteTeamCountry "UKR"]
[BlackTeamCountry "TUR"]

1. e4 c6 2. d4 d5 3. Nd2 dxe4 4. Nxe4 Bf5 5. Ng3 Bg6 6. h4 h6 7. Nf3 Nf6 8. h5 Bh7 9. Bd3 Bxd3 10. Qxd3 e6 11. Bd2 Be7 12. O-O-O O-O 13. Ne5 Qd5 14. Kb1 Qxg2 15. Rdg1 Qxf2 16. Bxh6 Nbd7 17. Bxg7 Nxe5 18. dxe5 Rfd8 19. Qb3 Nh7 20. Ne4 Qf3 21. Qxf3 1-0

[Event "FIDE Olympiad Disabilties 2020"]
[Site "Online"]
[Date "2020.11.21"]
[Round "1.12"]
[White "Koksal, Recep"]
[Black "Ovcharov, Taras"]
[Result "0-1"]
[WhiteElo "1711"]
[BlackElo "2007"]
[Annotator "NA"]
[PlyCount "126"]
[EventDate "2020.11.21"]
[EventType "team-tourn"]
[EventCountry "NET"]
[SourceTitle "playchess.com"]
[Source "ChessBase"]
[SourceQuality "1"]
[WhiteTeam "Turkey"]
[BlackTeam "Ukraine"]
[WhiteTeamCountry "TUR"]
[BlackTeamCountry "UKR"]

1. d4 Nf6 2. c4 e6 3. Nc3 Bb4 4. a3 Bxc3+ 5. bxc3 O-O 6. f3 d5 7. cxd5 exd5 8. e3 Nh5 9. Qc2 c5 10. Ne2 Re8 11. Ng3 Qh4 12. Qf2 cxd4 13. cxd4 Nxg3 14. Qxg3 Qxd4 15. Ra2 Qc3+ 16. Bd2 Qb3 17. Ra1 Qb2 18. Rc1 Nc6 19. Bd3 Qxa3 20. Rc3 Qa1+ 21. Rc1 Qa3 22. Rc3 Qa2 23. Rc2 Qa1+ 24. Rc1 Qb2 25. Rb1 Qa3 26. Bc2 Nd4 27. Bxh7+ Kxh7 28. Qh4+ Kg8 29. Qxd4 Bf5 30. Rxb7 Rab8 31. Rxa7 Rb1+ 32. Kf2 Qxa7 33. Qxa7 Rxh1 34. h3 Rb1 35. Qd4 Be6 36. Bc3 f6 37. g4 Rb7 38. f4 Rd8 39. f5 Bc8 40. h4 Rf7 41. Kg3 Bb7 42. Kf4 Rc8 43. Kg3 Rc4 44. Qd2 Rfc7 45. Bd4 Rc2 46. Qb4 R2c4 47. Qd6 Kh7 48. g5 R4c6 49. g6+ Kh6 50. Qf4+ Kh5 51. Qg4+ Kh6 52. e4 Rc3+ 53. Bxc3 Rxc3+ 54. Kf2 dxe4 55. Qd1 Rf3+ 56. Kg2 Rxf5 57. Qb3 Bd5 58. Qe3+ Kxg6 59. Qg3+ Kh7 60. Qd6 e3+ 61. Kg3 e2 62. Qb4 Rf1 63. h5 e1=Q+ 0-1

[Event "FIDE Olympiad Disabilties 2020"]
[Site "Online"]
[Date "2020.11.21"]
[Round "1.12"]
[White "Altinok, Selim Eyup"]
[Black "Filippskikh, Oleksii"]
[Result "0-1"]
[WhiteElo "1536"]
[BlackElo "1983"]
[Annotator "NA"]
[PlyCount "86"]
[EventDate "2020.11.21"]
[EventType "team-tourn"]
[EventCountry "NET"]
[SourceTitle "playchess.com"]
[Source "ChessBase"]
[SourceQuality "1"]
[WhiteTeam "Turkey"]
[BlackTeam "Ukraine"]
[WhiteTeamCountry "TUR"]
[BlackTeamCountry "UKR"]

1. Nf3 Nf6 2. d4 c5 3. c4 cxd4 4. Nxd4 g6 5. g3 Bg7 6. Bg2 O-O 7. Nc3 Nc6 8. O-O Nxd4 9. Qxd4 d6 10. Rd1 Qa5 11. Qh4 Rb8 12. Bh6 Be6 13. Bxg7 Kxg7 14. Rac1 Rfc8 15. b3 a6 16. Rc2 b5 17. Nd5 Bxd5 18. Bxd5 bxc4 19. Bxc4 d5 20. Bd3 Rxc2 21. Bxc2 Qxa2 22. Bd3 Rxb3 23. Qd4 Rb2 24. Rc1 a5 25. g4 Rb4 26. Qe5 Rxg4+ 27. Kh1 Qd2 28. Rb1 Qf4 29. Qxf4 Rxf4 30. f3 Rb4 31. Rc1 a4 32. Rc7 e6 33. Ra7 Nh5 34. Bc2 Rb2 35. Bxa4 Nf4 36. Kg1 Nxe2+ 37. Kf1 Ra2 38. Ra8 Nd4 39. Bc6 Rxa8 40. Bxa8 Nxf3 41. Kg2 Ne5 42. Bb7 f5 43. Kf2 f4 0-1

[Event "FIDE Olympiad Disabilties 2020"]
[Site "Online"]
[Date "2020.11.21"]
[Round "1.13"]
[White "Yarmonov, Igor"]
[Black "Venkat Kannan"]
[Result "1-0"]
[WhiteElo "2391"]
[BlackElo "2083"]
[Annotator "NA"]
[PlyCount "49"]
[EventDate "2020.11.21"]
[EventType "team-tourn"]
[EventCountry "NET"]
[SourceTitle "playchess.com"]
[Source "ChessBase"]
[SourceQuality "1"]
[WhiteTeam "Ukraine"]
[BlackTeam "India"]
[WhiteTeamCountry "UKR"]
[BlackTeamCountry "IND"]

1. d4 Nf6 2. c4 g6 3. Nc3 Bg7 4. e4 d6 5. Be2 O-O 6. Bg5 Nbd7 7. Qd2 c6 8. Nf3 e5 9. O-O exd4 10. Nxd4 Nc5 11. f3 Qc7 12. Rad1 Ne8 13. Bh6 Ne6 14. Bxg7 Kxg7 15. Nc2 f5 16. exf5 Rxf5 17. f4 Qf7 18. g3 a5 19. Bd3 Nc5 20. Bxf5 Bxf5 21. Ne3 Bh3 22. Rfe1 Rd8 23. Re2 Rd7 24. Rde1 Re7 25. Nf5+ 1-0

[Event "FIDE Olympiad Disabilties 2020"]
[Site "Online"]
[Date "2020.11.21"]
[Round "1.13"]
[White "Anikeev, Vyacheslav"]
[Black "Megha Chakraborty"]
[Result "1/2-1/2"]
[WhiteElo "1841"]
[BlackElo "1232"]
[Annotator "NA"]
[PlyCount "48"]
[EventDate "2020.11.21"]
[EventType "team-tourn"]
[EventCountry "NET"]
[SourceTitle "playchess.com"]
[Source "ChessBase"]
[SourceQuality "1"]
[WhiteTeam "Ukraine"]
[BlackTeam "India"]
[WhiteTeamCountry "UKR"]
[BlackTeamCountry "IND"]

1. d4 d5 2. c4 e6 3. Nc3 Nf6 4. cxd5 exd5 5. Bg5 Be7 6. Qc2 Be6 7. e3 a6 8. Bd3 h6 9. Bh4 Nbd7 10. Nge2 Nh5 11. Bxe7 Qxe7 12. Qb3 Nb6 13. h3 Qd8 14. g4 Nf6 15. Nf4 Qd6 16. O-O-O g5 17. Nxe6 fxe6 18. Bg6+ Kd7 19. Kb1 Rad8 20. Rc1 Rc8 21. Rhe1 Qh2 22. Rh1 Qd6 23. Rhe1 Qh2 24. Rh1 Qd6 1/2-1/2